000 00420nam a2200157Ia 4500
003 GCL
008 140319s9999 xx 000 0 eng d
040 _aGCL /
_cGCL
082 0 4 _a150
_bL I
100 1 _aD'AZZO, JOHN J.
245 1 0 _aINTRODUCTION TO PSYCHOLOGY /
_cD'AZZO, JOHN J.
260 _a[S.N] :
_bMACMILLAN PUBLISHING COMPANY ،
_c1980
300 _a657 P
650 0 4 _aPSYCHOLOGY - SCIENCE
942 _2ddc
_cBK
999 _c18888
_d18888